| 000 | 00461nam a22001457a 4500 | ||
|---|---|---|---|
| 008 | 250515b |||||||| |||| 00| 0 eng d | ||
| 020 | _a9781780622163 | ||
| 050 |
_aLC2330 _b.Y68 |
||
| 100 | _aYousafzal, Malala | ||
| 245 |
_aI am M alala _bHow one girl stood up for education and changes the world |
||
| 260 |
_aLondon _bHodder and Stoughton _c2014 |
||
| 300 |
_a262p. _bill. |
||
| 650 |
_aYousafzai, Malala 1997 _vYoung Women - Education - Pakistan |
||
| 942 | _cBK | ||
| 999 |
_c3525 _d3525 |
||